000 00765cam a2200205 4500
001 x103068
008 000000n1999 000 0 eng u
035 _a(Sirsi) u103068
245 _aLocaball v Bayfield
260 _c1999
490 _aNew Property Cases
_v [1999] NPC 143, 17 November 1999
520 _aCA 17 November 1999. The Court of Appeal sets down guidelines to ensure judicial impartiality. TAKEN FROM JOURNAL HEADNOTE - NO PHOTOCOPYING ALLOWED.
650 _aLOCABALL (UK) LTD V BAYFIELD PROPERTIES LTD
650 _aLOCABALL (UK) LTD V WALDORF INVESTMENT CORPORATION
650 _aTIMMINS V GORMLEY
650 _aWILLIAMS V INSPECTOR OF TAXES
650 _aR V BRISTOL BETTING AND GAMING LICENSING COMMITTEE
690 _aLAW
942 _n0
999 _c61938
_d61938